| 000 | 00780nam a22002057a 4500 | ||
|---|---|---|---|
| 999 |
_c2066 _d2066 |
||
| 003 | AR-CdUCM | ||
| 008 | 190301b ||||| |||| 00| 0 spa d | ||
| 040 |
_aMUNICIPALIDAD PROVINCIAL DEL CUSCO _cBIBLIOTECA MUNICIPAL DEL CUSCO |
||
| 082 |
_a384 / _bB82 |
||
| 100 |
_aBreth, Robert D. _97467 |
||
| 245 | _aLas comunicaciones en la dirección de empresas / | ||
| 260 |
_aEspaña : _bFondo educativo interamericano SA, _c1972. |
||
| 300 |
_a317 paginas ; _c20 cm. |
||
| 505 | _aEl proceso de comunicación --El proceso secuencial de las comunidades --Contacto personal directo ¿Que dificultades encierra el problema ? ... | ||
| 650 |
_acomunicacion _97468 |
||
| 650 |
_aProceso _97469 |
||
| 650 |
_aRelaciones laborales _97470 |
||
| 942 |
_2ddc _cLIBROS |
||
| 945 |
_arjall _d2019-03-01 |
||